Собрание сочинений: в 8 т.

Bibliographic Details
Main Author: Станиславский К. С. Константин Сергеевич
Other Authors: Кедров М. Н.
Language:Russian
Published: Москва, Искусство, 1954-1961
Format: MixedMaterials Book
KOHA link:https://koha.lib.tpu.ru/cgi-bin/koha/opac-detail.pl?biblionumber=271326

MARC

LEADER 00000nam1a2200000 4500
001 271326
005 20231101234427.0
035 |a (RuTPU)RU\TPU\book\294507 
090 |a 271326 
100 |a 20141007d1954 m y0rusy50 ca 
101 0 |a rus 
102 |a RU 
200 1 |a Собрание сочинений  |e в 8 т.  |f К. С. Станиславский  |g гл. ред. М. Н. Кедров 
210 |a Москва  |c Искусство  |d 1954-1961 
675 |a 792  |v 3 
675 |a 09  |v 3 
700 1 |a Станиславский  |b К. С.  |c настоящая фамилия Алексеев  |c российский режиссер  |c актер  |c педагог  |c теоретик театра  |f 1863-1938  |g Константин Сергеевич  |2 stltpush  |3 (RuTPU)RU\TPU\pers\13437  |9 4091 
702 1 |a Кедров  |b М. Н.  |4 651 
801 1 |a RU  |b 63413507  |c 20141007 
801 2 |a RU  |b 63413507  |c 20141007  |g RCR 
942 |c BK